Music Quiz

Random Music or Artist Quiz
Score 0/20 Timer 05:00
0 Plays Today
% Correct
The Beatles
100%
Led Zeppelin
100%
The Doors
100%
Queen
100%
U2
99%
Van Halen
99%
Black Sabbath
98%
The Who
98%
Crosby Stills Nash and Young
97%
The Ramones
96%
% Correct
The Sex Pistols
93.9%
The Mamas and Papas
92.9%
The Bangles
91.9%
The Monkees
90.9%
The Clash
84.8%
Creedence Clearwater Revival
83.8%
The Breeders
81.8%
Jethro Tull
79.8%
Cheap Trick
74.7%
Sweet
68.7%
Remove Ads.
Support Sporcle.
Get the best of Sporcle when you Go Orange. This ad-free experience offers more features, more stats, and more fun while also helping to support Sporcle. Thank you for becoming a member.

You're not logged in!

Compare scores with friends on all Sporcle quizzes.
OR
Log In

Show Comments

Extras

Top Quizzes Today


Score Distribution

Your Account Isn't Verified!

In order to create a playlist on Sporcle, you need to verify the email address you used during registration. Go to your Sporcle Settings to finish the process.

Report this User

Report this user for behavior that violates our Community Guidelines.

Details: